Normal view
MARC view
- Khalid, Muhammad Mumtaz
Entry Personal Name
001 - CONTROL NUMBER
- control field: 46292
003 - CONTROL NUMBER IDENTIFIER
- control field: NUST
005 - DATE AND TIME OF LATEST TRANSACTION
- control field: 20210314133504.0
008 - FIXED-LENGTH DATA ELEMENTS
- fixed length control field: 210314|| aca||aabn | a|a d
040 ## - CATALOGING SOURCE
- Original cataloging agency: NUST
- Transcribing agency: NUST
100 ## - HEADING--PERSONAL NAME
- Personal name: Khalid, Muhammad Mumtaz
670 ## - SOURCE DATA FOUND
- Source citation: Work cat.: (NUST): Khalid, Muhammad Mumtaz., History of Karakoram highway / vol. 1, 2006<2009>
